Out of sync

Uloženo v:
Podrobná bibliografie
Hlavní autor: Casasempere, Fernando (Autor)
Médium: Kniha
Jazyk:angličtina
Vydáno: Londres Malgosia Szemberg 2013
Vydání:1a. ed
Témata:
Tagy: Přidat tag
Žádné tagy, Buďte první, kdo vytvoří štítek k tomuto záznamu!

MARC

LEADER 00000cam a2200000 a 4500
001 UCC7632
003 CL-VaPUC
008 190427e20130000uk |||||||||||||||||eng|d
082 0 4 |a 730.983  |b CAS  |2 21 
100 0 |a Casasempere, Fernando  |e author  |9 602305 
245 1 0 |a Out of sync 
250 |a 1a. ed 
300 |a 256 p 
942 |c BK 
945 |d 20190427 02:22:00  |a dcastane 
260 |a Londres  |b Malgosia Szemberg  |c 2013 
650 7 |a ESCULTORES CHILENOS  |2 CL-VaPUC  |9 464635 
650 0 |a Artistas chilenos  |9 344566 
583 |a last modification  |c 20190427 02:22:00  |k Rodrigo Vera 
999 |c 374225  |d 374223 
952 |0 0  |1 0  |3 erd  |4 0  |6 730_983000000000000_CAS_2013  |7 0  |8 R  |9 492714  |a BIBART  |b BIBART  |i 5544238  |o 730.983 CAS 2013  |p 5544238  |r 2025-03-13  |w 2019-11-24  |y BK_R  |z Catalogado en:20190427  |k ART